The picture of Dorian Gray (Registro nro. 11549)

Detalles MARC
000 -Cabecera
Campo de control de longitud fija 00501aam a2200205 4500
005 - Fecha y hora de la última transacción
Campo de control 20250519110506.0
008 - Elementos de longitud fija--Información general
Campo de control de longitud fija 150603b xxu||||| |||| 00| 0 spa d
020 ## - International Standard Book Number
Número Internacional Estándar del Libro (ISBN) 9780140623222
041 ## - Idioma
Código de idioma Inglés
082 ## - Clasificación Decimal Dewey
Número de clasificación 891.62 W672p
100 ## - Entrada principal--Autor personal
Nombre personal Wilde, Oscar
9 (RLIN) 22541
245 ## - Título propiamente dicho
Título The picture of Dorian Gray
260 ## - Pie de imprenta
Lugar de publicación, distribución, etc. Estados Unidos
260 ## - Pie de imprenta
Nombre del editor, distribuidor, etc. Penguin Books
260 ## - Pie de imprenta
Fecha de publicación, distribución, etc. 1994
300 ## - Descripción física
Extensión 256 páginas
650 ## - Materia general
Temática (materia general) LITERATURA IRLANDESA
650 ## - Materia general
Temática (materia general) NOVELA IRLANDESA
942 ## - Punto de acceso adicional KOHA
Tipo de ítem KOHA Literatura
Fuente del sistema de clasificación o colocación Dewey Decimal Classification
Existencias
Signatura completa Código de barras Tipo de ítem
891.62 W672p 23902 Literatura